| 000 | 00580nam a2200205Ia 4500 | ||
|---|---|---|---|
| 005 | 20260408040543.0 | ||
| 008 | 160316s1997 xxu||||| |||| 00| 0 eng d | ||
| 082 | _a345 BAS | ||
| 100 | _aBasu, N. D. | ||
| 245 |
_aCriminal major acts : _bpractice and procedure / _cN.D. Basu |
||
| 250 | _a9th ed. | ||
| 260 |
_aNew Delhi : _bOrient Publishing Company, _c1997. |
||
| 300 |
_axiv, 487 p. ; _c20 cm. |
||
| 365 | _bRs.200/- | ||
| 650 | _aIndian Penal Code | ||
| 650 | _aCode of Criminal Procedure | ||
| 700 |
_aMajumdar, P.K. _a |
||
| 700 | _aKataria, R.P. | ||
| 942 |
_2ddc _cBK |
||
| 999 |
_c12385 _d12385 |
||